Guía para elaborar la tesis

Saved in:
Bibliografiske detaljer
Hovedforfatter: Zorrilla Arena, Santiago
Format: Bog
Sprog:spansk
Udgivet: Mc Graw Hill. 1992.
Fag:
Tags: Tilføj Tag
Ingen Tags, Vær først til at tagge denne postø!

MARC

LEADER 00000nam a22000005a 4500
001 416
003 CL-ChBUA
005 20120815102703.0
008 070301s1992 mx 000 0dspa
020 |a 9701001397 
040 |a CL-ChBUA  |c CL-ChBUA 
082 0 0 |a 001.42 
090 |c 416  |d 416 
100 1 |a Zorrilla Arena, Santiago. 
245 1 0 |a Guía para elaborar la tesis 
260 |b Mc Graw Hill.  |c 1992. 
300 |a 111 p.  |c 22 cm. 
504 |a Bibl. pp. 107-108; índice. 
650 4 |a METODOS DE INVESTIGACION. 
942 |c LIB 
952 |0 0  |1 0  |4 0  |7 0  |9 448  |a UNACH  |b UNACH  |c 000  |d 2007-03-05  |i 30.458.  |l 3  |m 2  |o 001.42 / Z 88.  |p 1447  |r 2022-01-04 00:00:00  |s 2017-04-20  |u 448  |w 2012-08-08  |y LIB  |k 001.42 / Z 88. 
999 |c 416  |d 416